[Event "ENCI Limburg-open A"]
[Site "Maastricht"]
[Date "2012.05.28"]
[Round "7"]
[White "Mekhitarian, Krikor Sevag"]
[Black "Ernst, Sipke"]
[Result "0-1"]
[WhiteElo "2531"]
[BlackElo "2554"]
[PlyCount "91"]
[EventDate "2012.05.25"]
[EventType "swiss"]
[EventRounds "7"]
[EventCountry "NED"]
[Source "P.Boonen"]
[SourceDate "2013.01.01"]

1. d4 Nf6 2. c4 e6 3. Nf3 Bb4+ 4. Nbd2 d5 5. Qa4+ Nc6 6. a3 Bxd2+ 7. Bxd2 O-O
8. e3 Ne4 9. Qc2 a5 10. Bd3 f5 11. O-O a4 12. Be1 Bd7 13. Nd2 Na5 14. Nxe4 fxe4
15. Be2 Nb3 16. Rd1 Be8 17. f3 Bg6 18. Qc3 Bh5 19. Bg3 Rf7 20. Rf2 exf3 21.
Bxf3 Bxf3 22. gxf3 Na5 23. cxd5 exd5 24. Be5 Nc4 25. Kh1 Qg5 26. Re1 Re8 27. f4
Qf5 28. e4 Qd7 29. exd5 Qxd5+ 30. Qf3 Qxf3+ 31. Rxf3 c6 32. Re2 Rd7 33. b3 axb3
34. Rxb3 b5 35. Rg3 Rf8 36. Reg2 Nxe5 37. fxe5 Rf1+ 38. Rg1 Rxg1+ 39. Kxg1 Rxd4
40. Rc3 Rg4+ 41. Kf2 Rg6 42. Kf3 Kf7 43. Kf4 Rh6 44. Rc2 Ke8 45. Rg2 Kf7 46.
Rc2 {....} 0-1

[Event "ENCI Limburg-open A"]
[Site "Maastricht"]
[Date "2012.05.28"]
[Round "7"]
[White "Mengerink, Ynze"]
[Black "Wagener, Claude"]
[Result "1/2-1/2"]
[WhiteElo "2137"]
[BlackElo "2264"]
[PlyCount "22"]
[EventDate "2012.05.25"]
[EventType "swiss"]
[EventRounds "7"]
[EventCountry "NED"]
[Source "P.Boonen"]
[SourceDate "2013.01.01"]

1. e4 c5 2. Nc3 Nc6 3. Bb5 Nd4 4. Bc4 e6 5. Nge2 Nf6 6. O-O a6 7. d3 b5 8. Bb3
Nxb3 9. axb3 Bb7 10. Ng3 Be7 11. e5 Nd5 1/2-1/2

[Event "ENCI Limburg-open A"]
[Site "Maastricht"]
[Date "2012.05.28"]
[Round "7"]
[White "Mollema, Thomas"]
[Black "Kangas, Lauri"]
[Result "1-0"]
[WhiteElo "1917"]
[BlackElo "2027"]
[PlyCount "67"]
[EventDate "2012.05.25"]
[EventType "swiss"]
[EventRounds "7"]
[EventCountry "NED"]
[Source "P.Boonen"]
[SourceDate "2013.01.01"]

1. e4 e6 2. d4 d5 3. Nc3 Nf6 4. Bg5 Bb4 5. e5 h6 6. Be3 Ne4 7. Qg4 g6 8. Nge2
c5 9. a3 Nxc3 10. axb4 Nxe2 11. Bxe2 cxb4 12. Bd3 Nc6 13. h4 a5 14. h5 g5 15.
f4 Qb6 16. Qg3 gxf4 17. Qxf4 Qd8 18. O-O Qe7 19. Qg4 Nd8 20. Rf6 Qf8 21. b3 b6
22. Qe2 Bd7 23. Raf1 Rc8 24. R1f2 Qg7 25. Qf1 Rc3 26. Bd2 Qg4 27. R2f4 Qxh5 28.
Bg6 Qg5 29. Bxf7+ Nxf7 30. Rxf7 Qg6 31. Bxc3 bxc3 32. R4f6 Qg8 33. Qa6 Qxf7 34.
Qa8+ 1-0

[Event "ENCI Limburg-open A"]
[Site "Maastricht"]
[Date "2012.05.28"]
[Round "7"]
[White "Nabuurs, Joep"]
[Black "Coenen, Eduard"]
[Result "1-0"]
[WhiteElo "2216"]
[BlackElo "2042"]
[PlyCount "89"]
[EventDate "2012.05.25"]
[EventType "swiss"]
[EventRounds "7"]
[EventCountry "NED"]
[Source "P.Boonen"]
[SourceDate "2013.01.01"]

1. e4 g6 2. d4 Bg7 3. Nc3 c6 4. Bc4 e6 5. e5 f5 6. h4 d5 7. Be2 a6 8. Na4 Nd7
9. b4 a5 10. b5 c5 11. c3 b6 12. Nh3 c4 13. h5 Nf8 14. Be3 Bh6 15. Qd2 Bxe3 16.
Qxe3 Bd7 17. Rb1 Rb8 18. Ng5 Qe7 19. hxg6 Nxg6 20. Qc1 f4 21. Nh3 Qf8 22. g3
fxg3 23. fxg3 Qf5 24. Rb2 N8e7 25. g4 Qe4 26. O-O Nh4 27. Rf2 h5 28. Ng5 Qg6
29. gxh5 Rxh5 30. Bxh5 Qxh5 31. Qf4 Nef5 32. Nf3 Qg6+ 33. Kf1 Ng3+ 34. Ke1 Nhf5
35. Rh2 Qg7 36. Qg5 Kf7 37. Qf6+ Qxf6 38. exf6 Kxf6 39. Ne5 Be8 40. Rh8 Kg7 41.
Rbh2 Bxb5 42. R2h7+ Kf6 43. Rxb8 Bxa4 44. Rg8 Nxd4 45. cxd4 1-0

[Event "ENCI Limburg-open A"]
[Site "Maastricht"]
[Date "2012.05.28"]
[Round "7"]
[White "Perrenet, Jacob"]
[Black "Henrichs, Wenke"]
[Result "1-0"]
[WhiteElo "2078"]
[BlackElo "2092"]
[PlyCount "83"]
[EventDate "2012.05.25"]
[EventType "swiss"]
[EventRounds "7"]
[EventCountry "NED"]
[Source "P.Boonen"]
[SourceDate "2013.01.01"]

1. Nc3 g6 2. b4 Bg7 3. Bb2 d6 4. e3 Nf6 5. a4 Nbd7 6. Ra3 c5 7. b5 a5 8. Qa1
Nb6 9. h3 d5 10. Nf3 O-O 11. Nd1 Bf5 12. d3 c4 13. Be2 Rc8 14. O-O Ne8 15. Nd4
Bd7 16. f4 Qc7 17. Nf2 e5 18. fxe5 Qxe5 19. dxc4 dxc4 20. Nd1 Qg5 21. Nf3 Qg3
22. Nf2 Qc7 23. Bxg7 Nxg7 24. e4 Nh5 25. Ne5 Nf4 26. Bg4 c3 27. Nxd7 Nxd7 28.
g3 Ne6 29. Kg2 h5 30. Bxe6 fxe6 31. Nd3 Qc4 32. Rxf8+ Rxf8 33. Qe1 e5 34. Qe3
Kg7 35. Nf2 Rf7 36. Rxc3 Qxa4 37. Qd3 Nf6 38. b6 Rd7 39. Rc7 Kf7 40. Qd6 Qd4
41. Qxd4 exd4 42. e5 1-0

[Event "ENCI Limburg-open A"]
[Site "Maastricht"]
[Date "2012.05.28"]
[Round "7"]
[White "Sarrau, Jelle"]
[Black "Schroer, Marcel"]
[Result "1-0"]
[WhiteElo "2287"]
[BlackElo "2091"]
[PlyCount "119"]
[EventDate "2012.05.25"]
[EventType "swiss"]
[EventRounds "7"]
[EventCountry "NED"]
[Source "P.Boonen"]
[SourceDate "2013.01.01"]

1. d4 d5 2. c4 c6 3. Nf3 Nf6 4. Nc3 dxc4 5. a4 Bf5 6. Ne5 Nbd7 7. Nxc4 Nb6 8.
Ne5 a5 9. g3 Nfd7 10. Nd3 Bxd3 11. Qxd3 e6 12. Bg2 Be7 13. O-O O-O 14. Rd1 Nd5
15. e4 Nb4 16. Qe2 Re8 17. Be3 Bf8 18. Rac1 Qe7 19. d5 e5 20. Bh3 Red8 21. Qc4
Kh8 22. Rd2 Qe8 23. dxc6 bxc6 24. Rcd1 Nf6 25. Rxd8 Rxd8 26. Rxd8 Qxd8 27. Qxf7
Nd3 28. Bb6 Qa8 29. Bf1 Bc5 30. Bxc5 Nxc5 31. Qe7 Ncd7 32. Bh3 Qf8 33. Qxf8+
Nxf8 34. Kf1 Kg8 35. Ke2 Kf7 36. Kd3 Ke7 37. Kc4 Kd6 38. b4 axb4 39. Kxb4 N8d7
40. Bxd7 Nxd7 41. a5 Nc5 42. Kc4 Na6 43. f4 Nc7 44. Na4 Na6 45. Nc5 Nc7 46.
Nb7+ Kd7 47. Nc5+ Kd6 48. a6 Nb5 49. Nb7+ Kc7 50. fxe5 Kb6 51. Nc5 Kc7 52. e6
Kd6 53. Kb4 Na7 54. e5+ Ke7 55. h4 g6 56. g4 h6 57. h5 gxh5 58. gxh5 Nc8 59.
Kc4 Nb6+ 60. Kd4 1-0

[Event "ENCI Limburg-open A"]
[Site "Maastricht"]
[Date "2012.05.28"]
[Round "7"]
[White "Schmitz, Andreas Arnold"]
[Black "Koenig, Christian"]
[Result "1/2-1/2"]
[WhiteElo "2074"]
[BlackElo "2121"]
[PlyCount "110"]
[EventDate "2012.05.25"]
[EventType "swiss"]
[EventRounds "7"]
[EventCountry "NED"]
[Source "P.Boonen"]
[SourceDate "2013.01.01"]

1. e4 d5 2. exd5 c6 3. dxc6 Nxc6 4. d4 Qxd4 5. Qxd4 Nxd4 6. Bd3 Bf5 7. Bxf5
Nxf5 8. Nf3 e6 9. Nc3 a6 10. Bd2 Nf6 11. O-O-O Bc5 12. Rhe1 O-O-O 13. Ng5 Rhf8
14. Nce4 Nxe4 15. Nxe4 Be7 16. Ba5 Rxd1+ 17. Rxd1 Nh4 18. g3 Nf3 19. h4 f5 20.
Nc3 Bc5 21. Na4 Bxf2 22. Rd3 Ne5 23. Rc3+ Nc6 24. Bb4 Rd8 25. Ba5 Rd6 26. Bb4
Rd8 27. Be7 Re8 28. Bc5 Bxc5 29. Nxc5 Kc7 30. Rb3 Nd8 31. Rc3 Kd6 32. b4 Re7
33. Rd3+ Kc7 34. a4 e5 35. Rc3 Kb6 36. Rd3 Nc6 37. c3 g6 38. Rd5 Kc7 39. Kd2 e4
40. h5 Ne5 41. hxg6 hxg6 42. b5 axb5 43. axb5 Nc4+ 44. Ke2 Nb6 45. Rd4 Re5 46.
Nb3 Rxb5 47. Nd2 Rd5 48. Ke3 Rc5 49. c4 g5 50. g4 fxg4 51. Rxe4 g3 52. Rg4 g2
53. Kd4 Rf5 54. Rxg2 Rf4+ 55. Kd3 Rf5 1/2-1/2

[Event "ENCI Limburg-open A"]
[Site "Maastricht"]
[Date "2012.05.28"]
[Round "7"]
[White "Schmitz, Manuela"]
[Black "Swijsen, Lars"]
[Result "0-1"]
[WhiteElo "2037"]
[BlackElo "2068"]
[PlyCount "60"]
[EventDate "2012.05.25"]
[EventType "swiss"]
[EventRounds "7"]
[EventCountry "NED"]
[Source "P.Boonen"]
[SourceDate "2013.01.01"]

1. d4 g6 2. Nf3 Bg7 3. c4 Nf6 4. Nc3 O-O 5. e4 d6 6. Be2 e5 7. Be3 Ng4 8. Bg5
f6 9. Bh4 Nc6 10. d5 Ne7 11. Nd2 Nh6 12. f3 f5 13. Bf2 g5 14. c5 g4 15. cxd6
cxd6 16. Nc4 gxf3 17. Bxf3 Ng6 18. Nb5 fxe4 19. Be2 Nf4 20. O-O Qg5 21. Bg3 Nf5
22. Qe1 Nd4 23. Nxd4 exd4 24. Nxd6 Qe5 25. Nxc8 Raxc8 26. Bg4 Rc2 27. Kh1 e3
28. Rf3 Qg5 29. Bxf4 Qxg4 30. Qf1 e2 0-1

[Event "ENCI Limburg-open A"]
[Site "Maastricht"]
[Date "2012.05.28"]
[Round "7"]
[White "Smith, Thijmen"]
[Black "Berg, Emanuel"]
[Result "0-1"]
[WhiteElo "2172"]
[BlackElo "2587"]
[PlyCount "84"]
[EventDate "2012.05.25"]
[EventType "swiss"]
[EventRounds "7"]
[EventCountry "NED"]
[Source "P.Boonen"]
[SourceDate "2013.01.01"]

1. e4 c5 2. Nf3 e6 3. d4 cxd4 4. Nxd4 a6 5. c4 Nf6 6. Nc3 Qc7 7. a3 b6 8. Be3
Bb7 9. f3 d6 10. Be2 Be7 11. O-O Nbd7 12. Rc1 Rc8 13. b4 Qb8 14. Qb3 O-O 15.
Rfd1 Rfe8 16. Bf1 Bf8 17. Kh1 Qa8 18. Nde2 Qb8 19. Nd4 Be7 20. Qa2 Bd8 21. Qf2
Ne5 22. Nb3 Nfd7 23. Na4 Ba8 24. Nd4 Nf6 25. Qg3 Bc7 26. Bg5 Ned7 27. Bh6 Nh5
28. Qh4 g6 29. Be3 Bb7 30. Qf2 d5 31. g4 Ng3+ 32. hxg3 Bxg3 33. Qg2 dxe4 34.
Bf2 Bxf2 35. Qxf2 exf3 36. Nc3 Nf6 37. Bh3 Qf4 38. Rg1 Rcd8 39. Rcd1 e5 40. Nc2
Rxd1 41. Nxd1 Ne4 42. Qe3 f2 0-1

[Event "ENCI Limburg-open A"]
[Site "Maastricht"]
[Date "2012.05.28"]
[Round "7"]
[White "Solodovnichenko, Yuri"]
[Black "Gajewski, Grzegorz"]
[Result "0-1"]
[WhiteElo "2570"]
[BlackElo "2622"]
[PlyCount "120"]
[EventDate "2012.05.25"]
[EventType "swiss"]
[EventRounds "7"]
[EventCountry "NED"]
[Source "P.Boonen"]
[SourceDate "2013.01.01"]

1. e4 e5 2. Nf3 Nc6 3. Bb5 a6 4. Ba4 Nf6 5. O-O Be7 6. Re1 b5 7. Bb3 O-O 8. c3
Na5 9. Bc2 d5 10. d4 exd4 11. e5 Ne4 12. cxd4 f5 13. exf6 Bxf6 14. Nc3 Nxc3 15.
bxc3 Bg4 16. Qd3 g6 17. Bh6 Bxf3 18. Qxf3 Bg7 19. Qh3 Qf6 20. Re2 Bxh6 21. Qxh6
Rae8 22. Qd2 Nc4 23. Qd3 Nd6 24. g3 Qf3 25. Qxf3 Rxf3 26. Rxe8+ Nxe8 27. Bb3 c6
28. Rc1 Nd6 29. Bd1 Rd3 30. Be2 Rd2 31. Bg4 Nf5 32. a4 Kf7 33. axb5 axb5 34.
Bxf5 gxf5 35. Kg2 Ke6 36. Kf3 Kd6 37. Ke3 Ra2 38. h3 c5 39. dxc5+ Kxc5 40. g4
fxg4 41. hxg4 Ra4 42. Rh1 Kc4 43. Rxh7 Kxc3 44. Rd7 d4+ 45. Ke4 Rc4 46. g5 b4
47. g6 b3 48. g7 b2 49. Rb7 d3+ 50. Ke3 Rc8 51. g8=Q Rxg8 52. Rc7+ Kb3 53. Rb7+
Kc2 54. Rc7+ Kd1 55. Rb7 d2 56. Rxb2 Re8+ 57. Kd3 Rd8+ 58. Ke4 Ke1 59. Rxd2
Kxd2 60. f4 Re8+ 0-1

[Event "ENCI Limburg-open A"]
[Site "Maastricht"]
[Date "2012.05.28"]
[Round "7"]
[White "Stone, Andrew M"]
[Black "Balje, Jan"]
[Result "0-1"]
[WhiteElo "2233"]
[BlackElo "2175"]
[PlyCount "100"]
[EventDate "2012.05.25"]
[EventType "swiss"]
[EventRounds "7"]
[EventCountry "NED"]
[Source "P.Boonen"]
[SourceDate "2013.01.01"]

1. c4 c6 2. g3 d5 3. Bg2 Nf6 4. Nf3 Bg4 5. Ne5 Be6 6. cxd5 Bxd5 7. Nf3 c5 8.
Nc3 Bc6 9. O-O e6 10. d3 Nbd7 11. e4 Be7 12. Qe2 b5 13. e5 Nd5 14. h4 h6 15.
Nh2 Nxc3 16. bxc3 Bxg2 17. Kxg2 Nb6 18. Ng4 Qd5+ 19. Kg1 Rd8 20. Rd1 b4 21.
cxb4 cxb4 22. Bb2 Na4 23. Ne3 Qb5 24. Rac1 O-O 25. Ba1 Rd7 26. Qc2 Rfd8 27. d4
a5 28. d5 exd5 29. e6 fxe6 30. Qg6 Nc3 31. Ng4 Kf8 32. Bxc3 bxc3 33. Rxc3 Qe2
34. Rdd3 Qe1+ 35. Kh2 Bf6 36. Rf3 Qxc3 37. Rxc3 Bxc3 38. Qxe6 Rd6 39. Qe3 Bf6
40. Qa3 d4 41. Qxa5 d3 42. Ne3 d2 43. Nd1 Rc6 44. Qb4+ Kg8 45. a4 Rc1 46. a5
Kh8 47. Qb3 Ra1 48. Ne3 Rxa5 49. Qd1 Ra1 50. Qe2 Re1 0-1

[Event "ENCI Limburg-open A"]
[Site "Maastricht"]
[Date "2012.05.28"]
[Round "7"]
[White "Tate, Emory"]
[Black "Schleipfenbauer, Frank"]
[Result "1-0"]
[WhiteElo "2307"]
[BlackElo "2073"]
[PlyCount "31"]
[EventDate "2012.05.25"]
[EventType "swiss"]
[EventRounds "7"]
[EventCountry "NED"]
[Source "P.Boonen"]
[SourceDate "2013.01.01"]

1. e4 c5 2. Nf3 d6 3. d4 cxd4 4. Nxd4 Nf6 5. Nc3 a6 6. Bc4 e6 7. Bb3 b5 8. Bg5
Be7 9. Qf3 Qb6 10. O-O-O Qb7 11. Qg3 b4 12. Bxf6 gxf6 13. Nd5 Ra7 14. Qg7 Rf8
15. Ba4+ Bd7 16. Nxe6 1-0

[Event "ENCI Limburg-open A"]
[Site "Maastricht"]
[Date "2012.05.28"]
[Round "7"]
[White "Timmermans, Ivo"]
[Black "In 't Veld, Daan"]
[Result "1/2-1/2"]
[WhiteElo "2240"]
[BlackElo "2215"]
[PlyCount "65"]
[EventDate "2012.05.25"]
[EventType "swiss"]
[EventRounds "7"]
[EventCountry "NED"]
[Source "P.Boonen"]
[SourceDate "2013.01.01"]

1. e4 c5 2. Nf3 e6 3. d4 cxd4 4. Nxd4 a6 5. Nc3 Qc7 6. Bd3 Nf6 7. f4 d6 8. Qf3
Be7 9. g4 Nc6 10. Nb3 Nd7 11. g5 b5 12. a3 b4 13. axb4 Nxb4 14. O-O Rb8 15. Na5
O-O 16. f5 d5 17. exd5 Nxd3 18. cxd3 Bd6 19. Bf4 Bxf4 20. Qxf4 Qxf4 21. Rxf4
Rxb2 22. fxe6 fxe6 23. Rxf8+ Nxf8 24. d6 e5 25. Ne4 Bh3 26. Nc4 Rg2+ 27. Kh1
Nd7 28. Ne3 Re2 29. Nd5 Kf7 30. Kg1 Rg2+ 31. Kh1 Re2 32. Kg1 Rg2+ 33. Kh1
1/2-1/2

[Event "ENCI Limburg-open A"]
[Site "Maastricht"]
[Date "2012.05.28"]
[Round "7"]
[White "Van Foreest, Jorden"]
[Black "Jellema, Yme Jan"]
[Result "0-1"]
[WhiteElo "2175"]
[BlackElo "2202"]
[PlyCount "130"]
[EventDate "2012.05.25"]
[EventType "swiss"]
[EventRounds "7"]
[EventCountry "NED"]
[Source "P.Boonen"]
[SourceDate "2013.01.01"]

1. e4 c5 2. Nf3 Nc6 3. Nc3 Nf6 4. d4 cxd4 5. Nxd4 e5 6. Ndb5 d6 7. Bg5 a6 8.
Na3 Be6 9. Be2 Rc8 10. O-O Be7 11. Bxf6 Bxf6 12. Nd5 O-O 13. c3 Bg5 14. Nc2 Ne7
15. Nce3 Bxe3 16. Nxe3 Qb6 17. Qd2 Rfd8 18. Bf3 a5 19. Rfd1 a4 20. Bg4 Bxg4 21.
Nxg4 f6 22. Ne3 a3 23. bxa3 Qc6 24. Qb2 Qxe4 25. Qb3+ Kf8 26. Rab1 Rd7 27. Qe6
Qc6 28. c4 Rdd8 29. Qg4 Rc7 30. h4 Qd7 31. Qf3 Kg8 32. h5 f5 33. h6 g6 34. Nd5
Nxd5 35. Qxd5+ Kf8 36. f4 exf4 37. Qd4 Kg8 38. Qxf4 Qe6 39. c5 Rxc5 40. Rxb7
Re5 41. Qd4 Re1+ 42. Kh2 Qe5+ 43. Qxe5 Rxe5 44. Rc1 f4 45. Rcc7 Rh5+ 46. Kg1
Rxh6 47. a4 d5 48. a5 g5 49. Rb6 Rhd6 50. Rbb7 d4 51. Rg7+ Kh8 52. Rxh7+ Kg8
53. Kf2 d3 54. Ke1 d2+ 55. Kd1 Rc8 56. Rhg7+ Kf8 57. Rbc7 Rxc7 58. Rxc7 g4 59.
Rc4 f3 60. Rf4+ Ke7 61. Rxg4 f2 62. Re4+ Re6 63. Rf4 Rf6 64. Rxf2 Rxf2 65. g4
Rg2 0-1

[Event "ENCI Limburg-open A"]
[Site "Maastricht"]
[Date "2012.05.28"]
[Round "7"]
[White "Van Foreest, Lucas"]
[Black "Roufs, Gerard"]
[Result "0-1"]
[WhiteElo "1960"]
[BlackElo "2002"]
[PlyCount "62"]
[EventDate "2012.05.25"]
[EventType "swiss"]
[EventRounds "7"]
[EventCountry "NED"]
[Source "P.Boonen"]
[SourceDate "2013.01.01"]

1. e4 c5 2. Nf3 e6 3. c3 Nf6 4. Qc2 d6 5. d4 cxd4 6. cxd4 Be7 7. Bd3 h6 8. O-O
O-O 9. Nc3 Nc6 10. h3 Nb4 11. Qe2 Nxd3 12. Qxd3 b6 13. Be3 Bb7 14. Rac1 a6 15.
a4 Rc8 16. Nd2 Nd7 17. f4 f5 18. d5 fxe4 19. Qxe4 e5 20. fxe5 Nxe5 21. Rxf8+
Bxf8 22. Rf1 Be7 23. Nf3 Rc4 24. Qb1 Nxf3+ 25. Rxf3 Bg5 26. Bf2 Bxd5 27. Qa2
Qa8 28. Rd3 Bb7 29. Qa3 d5 30. Qd6 b5 31. Bd4 Rxd4 0-1

[Event "ENCI Limburg-open A"]
[Site "Maastricht"]
[Date "2012.05.28"]
[Round "7"]
[White "Van Kerkhof, David"]
[Black "Bezemer, Arno"]
[Result "1/2-1/2"]
[WhiteElo "2288"]
[BlackElo "2354"]
[PlyCount "27"]
[EventDate "2012.05.25"]
[EventType "swiss"]
[EventRounds "7"]
[EventCountry "NED"]
[Source "P.Boonen"]
[SourceDate "2013.01.01"]

1. e4 c5 2. Nf3 d6 3. d4 cxd4 4. Nxd4 Nf6 5. Nc3 a6 6. Be3 e5 7. Nf3 Qc7 8. a4
Be7 9. a5 Nc6 10. Bb6 Qb8 11. Nd5 Nxe4 12. Bc7 Qa7 13. Bb6 Qb8 14. Bc7 1/2-1/2

[Event "ENCI Limburg-open A"]
[Site "Maastricht"]
[Date "2012.05.28"]
[Round "7"]
[White "Van Liempt, Michael"]
[Black "Esser, Norbert"]
[Result "0-1"]
[WhiteElo "1956"]
[BlackElo "2175"]
[PlyCount "52"]
[EventDate "2012.05.25"]
[EventType "swiss"]
[EventRounds "7"]
[EventCountry "NED"]
[Source "P.Boonen"]
[SourceDate "2013.01.01"]

1. e4 e5 2. Nf3 d6 3. d4 Nf6 4. Nc3 Nbd7 5. g4 Nxg4 6. Rg1 exd4 7. Nxd4 Nde5 8.
Bf4 Be7 9. h3 Nf6 10. Qd2 c5 11. Bxe5 dxe5 12. Bb5+ Kf8 13. Nf3 Qxd2+ 14. Kxd2
Bxh3 15. Nxe5 Rd8+ 16. Ke2 g6 17. Bc4 Be6 18. Bxe6 fxe6 19. Nf3 Nh5 20. Nb5 a6
21. Nc7 Ng7 22. Ng5 Rd6 23. Rad1 Rxd1 24. Kxd1 Bxg5 25. Rxg5 Ke7 26. Rxc5 Kd7
0-1

[Event "ENCI Limburg-open A"]
[Site "Maastricht"]
[Date "2012.05.28"]
[Round "7"]
[White "Van Meegen, Ruud"]
[Black "Akstinat, Sven Holger"]
[Result "1-0"]
[WhiteElo "1958"]
[BlackElo "2122"]
[PlyCount "41"]
[EventDate "2012.05.25"]
[EventType "swiss"]
[EventRounds "7"]
[EventCountry "NED"]
[Source "P.Boonen"]
[SourceDate "2013.01.01"]

1. e4 d5 2. exd5 Qxd5 3. Nc3 Qa5 4. d4 c6 5. Nf3 Bg4 6. h3 Bh5 7. g4 Bg6 8. Ne5
Nf6 9. h4 Nbd7 10. Nc4 Qc7 11. Qf3 h5 12. Bf4 hxg4 13. Qe3 e5 14. dxe5 Nh5 15.
Nd6+ Kd8 16. Bg5+ Be7 17. Bd3 Nxe5 18. Qxe5 f6 19. Qe6 Be8 20. Nxe8 Rxe8 21.
Bg6 1-0

[Event "ENCI Limburg-open A"]
[Site "Maastricht"]
[Date "2012.05.28"]
[Round "7"]
[White "Van den Ouden, Lendert"]
[Black "Majhi, Ankit"]
[Result "1-0"]
[WhiteElo "1990"]
[BlackElo "1909"]
[PlyCount "83"]
[EventDate "2012.05.25"]
[EventType "swiss"]
[EventRounds "7"]
[EventCountry "NED"]
[Source "P.Boonen"]
[SourceDate "2013.01.01"]

1. Nf3 Nf6 2. c4 g6 3. g3 Bg7 4. Bg2 O-O 5. O-O d6 6. d4 Nc6 7. Nc3 a6 8. b3
Nd7 9. e4 e5 10. Be3 h6 11. Qd2 Kh7 12. Rad1 exd4 13. Nxd4 Nde5 14. Nxc6 Nxc6
15. Nd5 f5 16. c5 fxe4 17. cxd6 Qxd6 18. Bf4 Ne5 19. Bxe4 Bf5 20. Bg2 Rad8 21.
Qa5 b6 22. Qxa6 g5 23. Ne3 Qg6 24. Nxf5 Qxf5 25. Qe2 Kh8 26. Be3 Rde8 27. Rd5
c6 28. Rd6 g4 29. Rfd1 h5 30. Bxc6 Rc8 31. Bg2 Rc2 32. R6d2 Rfc8 33. Bf4 Rxd2
34. Rxd2 Rc1+ 35. Rd1 Rxd1+ 36. Qxd1 Nd3 37. Qc2 Qd7 38. Be3 Nb4 39. Qg6 Qd1+
40. Bf1 Qd5 41. a3 Nc6 42. Bd3 1-0

[Event "ENCI Limburg-open A"]
[Site "Maastricht"]
[Date "2012.05.28"]
[Round "7"]
[White "Vandevoort, Pascal"]
[Black "Hetey, Laszlo"]
[Result "1/2-1/2"]
[WhiteElo "2391"]
[BlackElo "2345"]
[PlyCount "62"]
[EventDate "2012.05.25"]
[EventType "swiss"]
[EventRounds "7"]
[EventCountry "NED"]
[Source "P.Boonen"]
[SourceDate "2013.01.01"]

1. e4 e5 2. Nf3 Nc6 3. Bb5 Nf6 4. O-O Nxe4 5. d4 Be7 6. d5 Nb8 7. Nxe5 O-O 8.
Re1 Nf6 9. Nc3 a6 10. Be2 d6 11. Nf3 Nbd7 12. a4 Re8 13. a5 Bf8 14. Bg5 h6 15.
Bh4 g5 16. Bg3 Nh5 17. Nd4 Nxg3 18. hxg3 Qf6 19. Qd2 Nc5 20. Nb3 Nxb3 21. cxb3
Bd7 22. Red1 Bg7 23. b4 Re7 24. Qd3 Rae8 25. Bf1 Bg4 26. Rd2 h5 27. Qc4 Qg6 28.
Rc1 Re1 29. Rxe1 Rxe1 30. f3 Bf5 31. Kf2 Re7 1/2-1/2

[Event "ENCI Limburg-open A"]
[Site "Maastricht"]
[Date "2012.05.28"]
[Round "7"]
[White "Vedder, Henk"]
[Black "Beeke, Bobby"]
[Result "1-0"]
[WhiteElo "2373"]
[BlackElo "2231"]
[PlyCount "85"]
[EventDate "2012.05.25"]
[EventType "swiss"]
[EventRounds "7"]
[EventCountry "NED"]
[Source "P.Boonen"]
[SourceDate "2013.01.01"]

1. e4 c5 2. Nf3 d6 3. c3 Nf6 4. h3 g6 5. Bd3 Bg7 6. Bc2 O-O 7. d4 cxd4 8. cxd4
Nc6 9. Nc3 d5 10. e5 Ne8 11. O-O Nc7 12. Be3 f6 13. exf6 exf6 14. Qd2 Be6 15.
Rac1 Qd7 16. Na4 b6 17. Bd3 Rac8 18. Rfe1 Bf7 19. Rc2 Nd8 20. Nc3 Nde6 21. Rec1
Rce8 22. a4 a6 23. b3 Ra8 24. Na2 a5 25. Nc3 Rfb8 26. Qe2 Be8 27. g3 Bf8 28. h4
Ba3 29. Ra1 Bd6 30. Kg2 Qg7 31. Bc1 Bd7 32. Ba3 Qe7 33. Bxd6 Qxd6 34. Qd2 Kg7
35. Ne2 h5 36. Nh2 Nf8 37. Nf1 Nfe6 38. Ne3 Rf8 39. Bxg6 Kxg6 40. Nf5 Qb4 41.
Qh6+ Kf7 42. Qxh5+ Kg8 43. Qg6+ 1-0

[Event "ENCI Limburg-open A"]
[Site "Maastricht"]
[Date "2012.05.28"]
[Round "7"]
[White "Weber, Tom"]
[Black "Dijkhuis, Tycho"]
[Result "1-0"]
[WhiteElo "2373"]
[BlackElo "1968"]
[PlyCount "85"]
[EventDate "2012.05.25"]
[EventType "swiss"]
[EventRounds "7"]
[EventCountry "NED"]
[Source "P.Boonen"]
[SourceDate "2013.01.01"]

1. e4 c5 2. Nc3 e6 3. g3 Nc6 4. Bg2 g6 5. Nf3 Bg7 6. O-O Nge7 7. d3 d5 8. Re1
O-O 9. e5 a6 10. Bf4 Nf5 11. Qd2 Re8 12. h4 Qc7 13. Nd1 Nfd4 14. Nxd4 cxd4 15.
Qe2 h6 16. c3 g5 17. hxg5 hxg5 18. Bxg5 Qxe5 19. Qd2 Qf5 20. f4 f6 21. Bh4 Qg6
22. Nf2 Ne7 23. g4 dxc3 24. bxc3 Bh6 25. d4 e5 26. dxe5 Bxg4 27. exf6 Bf3 28.
Bg5 Bxg5 29. fxg5 Bxg2 30. Kxg2 Nf5 31. Qxd5+ Kf8 32. Qc5+ Kg8 33. Ng4 Nh4+ 34.
Kg3 Qh5 35. f7+ Kxf7 36. Rf1+ Kg6 37. Qd6+ Kg7 38. Qd4+ Kg6 39. Rf6+ Kg7 40.
Rh6+ Kg8 41. Qh8+ Kf7 42. Qh7+ Kf8 43. Rf6+ 1-0

[Event "ENCI Limburg-open A"]
[Site "Maastricht"]
[Date "2012.05.28"]
[Round "7"]
[White "Wiley, Tom E"]
[Black "Dalemans, Diana"]
[Result "1-0"]
[WhiteElo "2287"]
[BlackElo "1964"]
[PlyCount "113"]
[EventDate "2012.05.25"]
[EventType "swiss"]
[EventRounds "7"]
[EventCountry "NED"]
[Source "P.Boonen"]
[SourceDate "2013.01.01"]

1. Nf3 g6 2. d4 Bg7 3. c4 Nf6 4. Nc3 d5 5. Bg5 Ne4 6. cxd5 Nxg5 7. Nxg5 c6 8.
dxc6 bxc6 9. e3 e5 10. Nf3 exd4 11. Nxd4 O-O 12. Nb3 Qe7 13. Bd3 Ba6 14. Bxa6
Nxa6 15. O-O Rfd8 16. Qe2 Nc5 17. Nxc5 Qxc5 18. Rac1 Qa5 19. Rc2 Rab8 20. Rfc1
Bxc3 21. bxc3 Rb6 22. g3 Rdb8 23. Rd1 Rb1 24. Kg2 Rxd1 25. Qxd1 Rd8 26. Rd2
Rxd2 27. Qxd2 c5 28. e4 Kg7 29. Kf3 Qa6 30. Ke3 Qc4 31. Qc2 Qf1 32. Qe2 Qb1 33.
e5 Qb6 34. f4 Qe6 35. c4 h5 36. h4 Qf5 37. Qb2 Qe6 38. Kd3 Qf5+ 39. Ke3 Qe6 40.
Qc3 Kh7 41. Qd3 Qh3 42. Kf2 Qh2+ 43. Kf3 Qxa2 44. f5 Qa6 45. Qd5 Qa3+ 46. Kg2
Qb2+ 47. Kh3 Kg8 48. Qd8+ Kh7 49. Qe7 gxf5 50. Qxf7+ Kh6 51. Qf8+ Kg6 52. Qg8+
Kh6 53. Qg5+ Kh7 54. Qxh5+ Kg7 55. Qg5+ Kh8 56. Qxf5 a5 57. e6 1-0

[Event "ENCI Limburg-open A"]
[Site "Maastricht"]
[Date "2012.05.28"]
[Round "7"]
[White "Wislez, Francis"]
[Black "Rietveld, Leo"]
[Result "1/2-1/2"]
[WhiteElo "2023"]
[BlackElo "2041"]
[PlyCount "24"]
[EventDate "2012.05.25"]
[EventType "swiss"]
[EventRounds "7"]
[EventCountry "NED"]
[Source "P.Boonen"]
[SourceDate "2013.01.01"]

1. e4 d5 2. exd5 Nf6 3. d4 Bg4 4. Be2 Bxe2 5. Nxe2 Qxd5 6. O-O Nc6 7. c3 O-O-O
8. Nd2 Qh5 9. Ng3 Qxd1 10. Rxd1 e5 11. Nf3 exd4 12. cxd4 h6 1/2-1/2

[Event "ENCI Limburg-open A"]
[Site "Maastricht"]
[Date "2012.05.28"]
[Round "7"]
[White "Zilverberg, Jasper"]
[Black "Hoegener, Claude"]
[Result "1-0"]
[WhiteElo "2036"]
[BlackElo "2051"]
[PlyCount "63"]
[EventDate "2012.05.25"]
[EventType "swiss"]
[EventRounds "7"]
[EventCountry "NED"]
[Source "P.Boonen"]
[SourceDate "2013.01.01"]

1. d4 Nf6 2. c4 e6 3. Nc3 Bb4 4. Qc2 c5 5. dxc5 Bxc5 6. Bf4 Nc6 7. Nf3 a6 8. e3
h6 9. Be2 Nh5 10. O-O Nxf4 11. exf4 Qc7 12. f5 b6 13. Ne4 Nd4 14. Nxd4 Bxd4 15.
Rad1 e5 16. f6 g6 17. Bf3 Bb7 18. Rfe1 O-O 19. Rd3 d5 20. Qd2 Kh7 21. cxd5 Rh8
22. Bg4 Kg8 23. Rh3 Qd8 24. Rxh6 Rxh6 25. Qxh6 Qf8 26. Qh4 Qd8 27. Qh6 Qf8 28.
Qh4 Qd8 29. Be6 fxe6 30. Qh6 Qf8 31. Qxg6+ Kh8 32. Ng5 1-0